Sports Quiz

Random Sports or WWE Quiz

All of Justin Gabriel's 2013 opponents Quiz Stats

 Plays Quiz not verified by Sporcle

Score 0/35 Timer 10:00
0 Plays Today
Answer % Correct
Heath Slater
86%
Tyson Kidd
72.1%
Antonio Cesaro
72.1%
Wade Barrett
72.1%
Drew McIntyre
69.8%
Jinder Mahal
69.8%
Jack Swagger
69.8%
Kofi Kingston
67.4%
Jimmy Uso
65.1%
Jey Uso
65.1%
Seth Rollins
62.8%
Dean Ambrose
62.8%
Roman Reigns
60.5%
Bray Wyatt
58.1%
Cody Rhodes
58.1%
Ryback
55.8%
Darren Young
55.8%
Titus O'Neil
55.8%
Answer % Correct
Mark Henry
53.5%
Erick Rowan
52.9%
Luke Harper
52.9%
Tensai
48.8%
Great Khali
48.8%
R Truth
46.5%
Damien Sandow
46.5%
Fandango
44.2%
Epico
39.5%
Primo
39.5%
RVD
34.9%
Curt Hawkins
34.9%
Santino Marella
34.9%
Yoshi Tatsu
32.6%
Big E Langston
30.2%
Alex Riley
14%
Leo Kruger
4.7%

You're not logged in!

Compare scores with friends on all Sporcle quizzes.
OR
Log In

Show Comments

Extras

Created Mar 2, 2014SourceReportNominate
Tags:WWE Quiz, 2013

Top Quizzes Today


Score Distribution

Your Account Isn't Verified!

In order to create a playlist on Sporcle, you need to verify the email address you used during registration. Go to your Sporcle Settings to finish the process.

Report this User

Report this user for behavior that violates our Community Guidelines.

Details: